[Event "1st Metropolitan International"]
[Site "Los Angeles"]
[Date "2011.08.20"]
[Round "6"]
[White "Phillips, Jeff"]
[Black "Chua, Alexander"]
[Result "0-1"]
[WhiteElo "2071"]
[BlackElo "2278"]
[PlyCount "52"]
[EventDate "2011.08.17"]
[EventType "swiss"]
[EventRounds "9"]
[EventCountry "USA"]
[SourceDate "2011.08.22"]

1. b3 e5 2. Bb2 Nc6 3. e3 a6 4. g3 d6 5. Bg2 g6 6. Ne2 Bg7 7. d3 Nge7 8. Nd2
O-O 9. a3 Be6 10. c4 Qd7 11. h3 d5 12. Qc2 Rad8 13. O-O-O b5 14. cxd5 Nxd5 15.
Ne4 Ndb4 16. axb4 Nxb4 17. Qd2 Qe7 18. d4 exd4 19. exd4 Bxb3 20. Kb1 Bc2+ 21.
Ka1 Bxe4 22. Bxe4 Qxe4 23. Nf4 Nc2+ 24. Ka2 Nxd4 25. Qb4 c5 26. Qxc5 Ne6 0-1

[Event "1st Metropolitan International"]
[Site "Los Angeles"]
[Date "2011.08.20"]
[Round "6"]
[White "Piasetski, Leon"]
[Black "Krishnan, Varun"]
[Result "1/2-1/2"]
[WhiteElo "2289"]
[BlackElo "2099"]
[PlyCount "81"]
[EventDate "2011.08.17"]
[EventType "swiss"]
[EventRounds "9"]
[EventCountry "USA"]
[SourceDate "2011.08.22"]

1. Nf3 d5 2. d4 e6 3. c4 c6 4. Qc2 Nf6 5. g3 Be7 6. Bg2 O-O 7. O-O Nbd7 8. Nbd2
b6 9. e4 Bb7 10. b3 Nxe4 11. Nxe4 dxe4 12. Qxe4 Nf6 13. Qe2 c5 14. Bb2 cxd4 15.
Nxd4 Bxg2 16. Kxg2 Qc7 17. Rad1 a6 18. Qf3 Rac8 19. a3 Nd7 20. Nc2 Bf6 21. Bxf6
Nxf6 22. Ne3 Qe5 23. Rd3 a5 24. Rb1 h5 25. Qf4 Qxf4 26. gxf4 Ng4 27. Nxg4 hxg4
28. a4 Rc6 29. Rbd1 Kh7 30. Kg3 f5 31. Rd7 Kg6 32. R1d6 Rfc8 33. f3 gxf3 34.
Kxf3 Kf6 35. h4 Rxd6 36. Rxd6 Rb8 37. Rd7 g6 38. Ke3 Rh8 39. Rb7 Rxh4 40. Rxb6
Rh3+ 41. Kf2 1/2-1/2

[Event "1st Metropolitan International"]
[Site "Los Angeles"]
[Date "2011.08.20"]
[Round "6"]
[White "Ramirez, Alejandro"]
[Black "Amanov, Zhanibek"]
[Result "1/2-1/2"]
[WhiteElo "2592"]
[BlackElo "2382"]
[PlyCount "80"]
[EventDate "2011.08.17"]
[EventType "swiss"]
[EventRounds "9"]
[EventCountry "USA"]
[SourceDate "2011.08.22"]

1. d4 g6 2. e4 Bg7 3. Nc3 c5 4. d5 d6 5. Bf4 a6 6. a4 Nf6 7. Nf3 Bg4 8. Be2
Bxf3 9. Bxf3 Nbd7 10. O-O O-O 11. Be2 Qa5 12. Ra3 Rfc8 13. Be3 Ne8 14. Bg4 Qd8
15. f4 Rcb8 16. Qe2 Nc7 17. Rd1 b5 18. axb5 axb5 19. Rxa8 Rxa8 20. e5 Nb6 21.
Nxb5 Ncxd5 22. Bc1 Ra1 23. c3 Qb8 24. exd6 exd6 25. Bf3 Nf6 26. Qe7 Nc4 27. Re1
h5 28. Nc7 Ra7 29. Qe2 Qxc7 30. Qxc4 Ra1 31. b4 Qb6 32. b5 d5 33. Qf1 Ne4 34.
Bxe4 dxe4 35. Qc4 Rb1 36. Qxe4 c4+ 37. Kf1 Qxb5 38. Bd2 Rb2 39. Qe8+ Qxe8 40.
Rxe8+ Kh7 1/2-1/2

[Event "1st Metropolitan International"]
[Site "Los Angeles"]
[Date "2011.08.20"]
[Round "6"]
[White "Sevillano, Enrico"]
[Black "Rensch, Daniel"]
[Result "0-1"]
[WhiteElo "2492"]
[BlackElo "2410"]
[PlyCount "64"]
[EventDate "2011.08.17"]
[EventType "swiss"]
[EventRounds "9"]
[EventCountry "USA"]
[SourceDate "2011.08.22"]

1. e4 c5 2. c3 d6 3. d4 Nf6 4. Bd3 g6 5. Nf3 Bg7 6. O-O O-O 7. h3 d5 8. e5 Ne4
9. Nbd2 Bf5 10. Qe2 Nxd2 11. Bxd2 Bxd3 12. Qxd3 Nc6 13. b4 cxd4 14. cxd4 Qb6
15. a4 Nxb4 16. Bxb4 Qxb4 17. Rfb1 Qc4 18. Qxc4 dxc4 19. Rxb7 Bh6 20. Rxe7 c3
21. Ra2 Rfc8 22. Rc2 Rab8 23. d5 Rb2 24. Ne1 Rb1 25. Kf1 Bd2 26. Ke2 Rxe1+ 27.
Kd3 Rd8 28. Kd4 a5 29. g3 Bg5 30. Rb7 Rd1+ 31. Kxc3 R1xd5 32. f4 Bh6 0-1

[Event "1st Metropolitan International"]
[Site "Los Angeles"]
[Date "2011.08.20"]
[Round "6"]
[White "Szabo, Bence"]
[Black "Langer, Michael"]
[Result "1/2-1/2"]
[WhiteElo "2362"]
[BlackElo "2180"]
[PlyCount "146"]
[EventDate "2011.08.17"]
[EventType "swiss"]
[EventRounds "9"]
[EventCountry "USA"]
[SourceDate "2011.08.22"]

1. Nf3 c5 2. c4 Nf6 3. Nc3 d5 4. cxd5 Nxd5 5. d4 e6 6. g3 cxd4 7. Nxd5 Qxd5 8.
Qxd4 Qxd4 9. Nxd4 Bb4+ 10. Bd2 Bxd2+ 11. Kxd2 Bd7 12. Bg2 Nc6 13. Nxc6 Bxc6 14.
Bxc6+ bxc6 15. Rac1 Kd7 16. Rc4 Rab8 17. b3 Rb5 18. Rhc1 Rc8 19. Rg4 g6 20. Rh4
h5 21. Ra4 a5 22. Rc3 Kc7 23. e4 Rd8+ 24. Ke3 e5 25. Rac4 Rb6 26. Rc5 a4 27.
Rxe5 axb3 28. axb3 Kd6 29. Kf4 Rd7 30. h4 Rb8 31. Ra5 Rdb7 32. Rac5 Rb6 33. e5+
Kd7 34. Rd3+ Ke8 35. Rd6 Ke7 36. Kg5 Rb5 37. b4 R8b6 38. Rf6 Rxb4 39. f3 R4b5
40. Rfxc6 Rxc5 41. Rxc5 Ke6 42. g4 hxg4 43. fxg4 Rb8 44. h5 gxh5 45. gxh5 Rg8+
46. Kf4 Rg1 47. Rc6+ Ke7 48. Kf5 Rf1+ 49. Kg5 Re1 50. Rc5 Rg1+ 51. Kh6 f6 52.
Rc7+ Ke6 53. exf6 Kxf6 54. Kh7 Rh1 55. h6 Rh2 56. Rc1 Rg2 57. Rf1+ Ke7 58. Rf3
Rg1 59. Kh8 Rh1 60. h7 Rh2 61. Rg3 Kf7 62. Rf3+ Ke7 63. Rf4 Rg2 64. Ra4 Kf7 65.
Ra7+ Kf8 66. Ra8+ Kf7 67. Rg8 Rf2 68. Rg3 Kf8 69. Rg8+ Kf7 70. Ra8 Rf1 71. Ra7+
Kf8 72. Ra8+ Kf7 73. Ra7+ Kf8 1/2-1/2

[Event "1st Metropolitan International"]
[Site "Los Angeles"]
[Date "2011.08.20"]
[Round "6"]
[White "Tatum, Kofi"]
[Black "Morshedi, Ali"]
[Result "1-0"]
[WhiteElo "1995"]
[BlackElo "2238"]
[PlyCount "101"]
[EventDate "2011.08.17"]
[EventType "swiss"]
[EventRounds "9"]
[EventCountry "USA"]
[SourceDate "2011.08.22"]

1. Nf3 Nf6 2. g3 g6 3. Bg2 Bg7 4. O-O O-O 5. c4 d6 6. Nc3 e5 7. d4 Nbd7 8. e4
c6 9. Re1 Qb6 10. c5 dxc5 11. dxe5 Ng4 12. Na4 Qa6 13. e6 fxe6 14. h3 Nge5 15.
Nxe5 Bxe5 16. Be3 Bd4 17. Bxd4 cxd4 18. Qxd4 e5 19. Qb4 b5 20. Nc5 Qb6 21. Rac1
Nxc5 22. Qxc5 Bd7 23. Red1 Rf7 24. f4 Re8 25. Rd6 Ree7 26. Qxb6 axb6 27. Rcd1
Be8 28. Rf1 Kg7 29. f5 Rf6 30. Rd8 b4 31. g4 g5 32. Rfd1 Bf7 33. R1d6 Rxd6 34.
Rxd6 Rc7 35. b3 b5 36. Bf1 Kf8 37. f6 Bg6 38. Bd3 Be8 39. Re6 Rd7 40. Bf1 Rd2
41. Rxe5 Rxa2 42. Re7 Bf7 43. e5 Bxb3 44. Rxh7 Bc2 45. Rg7 Bb3 46. Bd3 Bd5 47.
Bg6 b3 48. Rh7 Bg8 49. Rh8 Ra1+ 50. Kg2 Ra2+ 51. Kg3 1-0

[Event "1st Metropolitan International"]
[Site "Los Angeles"]
[Date "2011.08.20"]
[Round "6"]
[White "Tayar, Jonathan"]
[Black "Akopyan, Harutyun"]
[Result "1/2-1/2"]
[WhiteElo "2335"]
[BlackElo "2213"]
[PlyCount "90"]
[EventDate "2011.08.17"]
[EventType "swiss"]
[EventRounds "9"]
[EventCountry "USA"]
[SourceDate "2011.08.22"]

1. e4 e5 2. Bc4 Nf6 3. d3 Nc6 4. Nc3 Bb4 5. a3 Bxc3+ 6. bxc3 d5 7. exd5 Nxd5 8.
Qf3 Be6 9. Ne2 O-O 10. O-O Qd7 11. Bd2 Kh8 12. Rfe1 f5 13. Ba2 Rae8 14. Rad1 h6
15. Bc1 Nce7 16. c4 Nf6 17. Qxb7 a5 18. Qb2 Ng6 19. d4 Ne4 20. f3 Ng5 21. dxe5
Qe7 22. Nf4 Nxf4 23. Bxf4 Rb8 24. Qc3 a4 25. Kh1 Kh7 26. Be3 f4 27. Bf2 Kh8 28.
Rb1 Rxb1 29. Rxb1 Rd8 30. Re1 Qd7 31. Bc5 Qd2 32. Bb4 Qf2 33. Rg1 Nh3 34. gxh3
c5 35. Bxc5 Qxc5 36. Qe1 Qxa3 37. Qe4 Qxa2 38. Qg6 Rg8 39. Qxe6 Qxc2 40. Qd5 a3
41. e6 a2 42. Qe5 Qxc4 43. e7 Qf7 44. Re1 Re8 45. Qb2 Rxe7 1/2-1/2

[Event "1st Metropolitan International"]
[Site "Los Angeles"]
[Date "2011.08.20"]
[Round "6"]
[White "Taylor, Timothy"]
[Black "Hafizulhilmi, Mas"]
[Result "0-1"]
[WhiteElo "2279"]
[BlackElo "2416"]
[PlyCount "58"]
[EventDate "2011.08.17"]
[EventType "swiss"]
[EventRounds "9"]
[EventCountry "USA"]
[SourceDate "2011.08.22"]

1. d4 Nf6 2. c4 e6 3. Nc3 Bb4 4. Bg5 c5 5. d5 h6 6. Bh4 Qa5 7. Bxf6 gxf6 8. Qc2
Bxc3+ 9. bxc3 f5 10. Nf3 d6 11. dxe6 Bxe6 12. Rd1 Bxc4 13. Rxd6 Qxa2 14. Qxf5
Qa1+ 15. Kd2 Qb2+ 16. Ke3 Qxc3+ 17. Kf4 Be6 18. Rxe6+ fxe6 19. Qxe6+ Kd8 20.
Ne5 Qd2+ 21. Kg3 Kc7 22. e3 Nd7 23. Nc4 Rag8+ 24. Kh3 Qxf2 25. g3 Qf6 26. Qd5
Rg5 27. Qd2 Qf3 28. Qd6+ Kc8 29. Qxd7+ Kxd7 0-1

[Event "1st Metropolitan International"]
[Site "Los Angeles"]
[Date "2011.08.20"]
[Round "6"]
[White "Troff, Kayden"]
[Black "Brown, Michael W."]
[Result "1-0"]
[WhiteElo "2282"]
[BlackElo "2121"]
[PlyCount "111"]
[EventDate "2011.08.17"]
[EventType "swiss"]
[EventRounds "9"]
[EventCountry "USA"]
[SourceDate "2011.08.22"]

1. d4 d5 2. c4 dxc4 3. e3 Nf6 4. Bxc4 e6 5. Nf3 a6 6. O-O c5 7. dxc5 Bxc5 8.
Qxd8+ Kxd8 9. Nbd2 b5 10. Be2 Bb7 11. a4 b4 12. Ne5 Ke7 13. Nb3 Nbd7 14. Nd3
Bd6 15. a5 e5 16. Nd2 Rhc8 17. b3 Bd5 18. Nb2 Ne4 19. Bc4 Nc3 20. Bxd5 Nxd5 21.
Nbc4 Bc7 22. Bb2 Ke6 23. Ne4 f6 24. f4 g6 25. Rad1 h6 26. fxe5 Bxe5 27. Bxe5
fxe5 28. Rd3 Rc6 29. Rfd1 N5f6 30. Nxf6 Nxf6 31. Rd6+ Rxd6 32. Rxd6+ Kf5 33. h3
h5 34. Rc6 Ra7 35. Nd6+ Kg5 36. Nc8 Ra8 37. Ne7 Ra7 38. h4+ Kxh4 39. Rxf6 Rxe7
40. Rxg6 Rc7 41. Rxa6 Kg5 42. Ra8 Kf5 43. a6 Ke4 44. Rb8 Kxe3 45. Rxb4 e4 46.
Ra4 Ra7 47. b4 Kd2 48. Ra2+ Kd3 49. b5 e3 50. b6 e2 51. Rxe2 Rxa6 52. Rb2 Ra8
53. b7 Rb8 54. Kh2 Ke4 55. Rb5 Kf4 56. Kh3 1-0

[Event "1st Metropolitan International"]
[Site "Los Angeles"]
[Date "2011.08.20"]
[Round "6"]
[White "Ulrich, Thomas"]
[Black "Sevian, Samuel"]
[Result "0-1"]
[WhiteElo "2093"]
[BlackElo "2172"]
[PlyCount "110"]
[EventDate "2011.08.17"]
[EventType "swiss"]
[EventRounds "9"]
[EventCountry "USA"]
[SourceDate "2011.08.22"]

1. c4 Nf6 2. g3 c6 3. Nf3 d5 4. Bg2 e6 5. O-O Nbd7 6. b3 Be7 7. Bb2 O-O 8. d3
Re8 9. Nbd2 Qc7 10. Qc2 Bd6 11. Rac1 Qa5 12. a3 Qd8 13. cxd5 exd5 14. e4 dxe4
15. dxe4 Bf8 16. Rfe1 Nb6 17. Rcd1 Bd7 18. Nd4 Qe7 19. N2f3 Bg4 20. Nf5 Bxf5
21. exf5 Qc5 22. Qxc5 Bxc5 23. Ne5 Rad8 24. b4 Bf8 25. g4 Rxd1 26. Rxd1 Nfd5
27. Kf1 f6 28. Bxd5+ Nxd5 29. Nd3 Re4 30. h3 a5 31. bxa5 Ra4 32. Ra1 Rxa5 33.
a4 Nb6 34. Bc3 Rxa4 35. Rb1 Nd5 36. Be1 b5 37. Rc1 Ra6 38. Rb1 Kf7 39. Bb4 Nxb4
40. Nxb4 Bxb4 41. Rxb4 Rb6 42. Ke2 c5 43. Rb1 Ke7 44. Ra1 Kd6 45. Kd3 b4 46.
Kc4 b3 47. Rd1+ Kc6 48. Rb1 b2 49. f3 Rb4+ 50. Kd3 Kd5 51. h4 Ke5 52. Ke3 Rb3+
53. Kf2 Kf4 54. Kg2 c4 55. Re1 b1=Q 0-1

[Event "1st Metropolitan International"]
[Site "Los Angeles"]
[Date "2011.08.20"]
[Round "6"]
[White "Wang, Richard"]
[Black "Milisits, Ryan"]
[Result "1-0"]
[WhiteElo "2240"]
[BlackElo "2203"]
[PlyCount "47"]
[EventDate "2011.08.17"]
[EventType "swiss"]
[EventRounds "9"]
[EventCountry "USA"]
[SourceDate "2011.08.22"]

1. d4 Nf6 2. Nf3 e6 3. e3 b6 4. Bd3 Bb7 5. O-O Be7 6. c4 c5 7. Nc3 d5 8. cxd5
exd5 9. Bb5+ Bc6 10. Qa4 Bxb5 11. Qxb5+ Qd7 12. Ne5 Qxb5 13. Nxb5 Na6 14. dxc5
bxc5 15. Rd1 Rf8 16. b3 Bd8 17. Bb2 Bc7 18. Nf3 O-O-O 19. Nxa7+ Kb7 20. Nb5
Rfe8 21. Nxc7 Nxc7 22. Ng5 Re7 23. Rac1 Kb6 24. Rxc5 1-0

[Event "1st Metropolitan International"]
[Site "Los Angeles"]
[Date "2011.08.20"]
[Round "6"]
[White "Yanayt, Eugene"]
[Black "Abrahamyan, Tatev"]
[Result "1/2-1/2"]
[WhiteElo "2236"]
[BlackElo "2343"]
[PlyCount "125"]
[EventDate "2011.08.17"]
[EventType "swiss"]
[EventRounds "9"]
[EventCountry "USA"]
[SourceDate "2011.08.22"]

1. d4 Nf6 2. c4 g6 3. Nc3 Bg7 4. e4 d6 5. Nf3 O-O 6. Be2 e5 7. O-O Na6 8. Be3
Ng4 9. Bg5 Qe8 10. dxe5 dxe5 11. h3 h6 12. Bd2 Nf6 13. Be3 Qe7 14. Nd5 Qd8 15.
Nc3 Qe7 16. Nd5 Qd8 17. Qc1 Nxe4 18. Bxh6 c6 19. Bxg7 Kxg7 20. Nc3 Nxc3 21.
Qxc3 f6 22. Rad1 Qe7 23. Nd2 Nc5 24. Qa3 Re8 25. Rfe1 Bf5 26. Nb3 Ne6 27. Qxe7+
Rxe7 28. Bd3 Bxd3 29. Rxd3 Kf7 30. Kf1 Rh8 31. Nd2 Nd4 32. c5 Ne6 33. b4 a5 34.
a3 axb4 35. axb4 Ra8 36. Nc4 Ra4 37. Rb1 Nf4 38. Ra3 Rxa3 39. Nxa3 Rd7 40. Nc4
Ke6 41. Nd6 b6 42. h4 f5 43. g3 Nd3 44. Nc4 bxc5 45. bxc5 Nxc5 46. Rb8 Rd4 47.
Na5 Rd6 48. Nc4 Rd1+ 49. Ke2 Rc1 50. Ne3 e4 51. h5 gxh5 52. Re8+ Kd7 53. Re5
Nd3 54. Rxf5 Rc5 55. Rxc5 Nxc5 56. Ng2 Nd3 57. Ke3 Kd6 58. Nh4 Kd5 59. Ng6 Nc5
60. Nf4+ Ke5 61. Nxh5 Ne6 62. f3 exf3 63. Kxf3 1/2-1/2

[Event "1st Metropolitan International"]
[Site "Los Angeles"]
[Date "2011.08.20"]
[Round "6"]
[White "Yang, Darwin"]
[Black "Chen, Howard Jed"]
[Result "1-0"]
[WhiteElo "2434"]
[BlackElo "2293"]
[PlyCount "93"]
[EventDate "2011.08.17"]
[EventType "swiss"]
[EventRounds "9"]
[EventCountry "USA"]
[SourceDate "2011.08.22"]

1. d4 g6 2. c4 Bg7 3. Nc3 d6 4. e4 e5 5. d5 f5 6. Bd3 Nf6 7. Nge2 O-O 8. f3 Na6
9. O-O Nc5 10. Bc2 a5 11. exf5 gxf5 12. f4 e4 13. h3 c6 14. Be3 Qe7 15. Rb1 Bd7
16. b4 axb4 17. Rxb4 cxd5 18. cxd5 b5 19. Nxb5 Rxa2 20. Nbc3 Ra3 21. Qd2 Rc8
22. Rfb1 Qd8 23. Rb6 Qf8 24. Bd4 h6 25. Qc1 Ra7 26. Qe3 Ra3 27. Qc1 Ra7 28. Ra1
Nd3 29. Qb1 Rxa1 30. Qxa1 Nh5 31. Rb7 Nhxf4 32. Bxd3 Bxd4+ 33. Nxd4 Qf6 34.
Rxd7 Qxd4+ 35. Kh2 Nxd3 36. Qa5 Qxc3 37. Rd8+ Rxd8 38. Qxc3 Re8 39. Qf6 e3 40.
Qg6+ Kf8 41. Qxf5+ Kg7 42. Qd7+ Kf8 43. Qxd6+ Kf7 44. Qd7+ Kf8 45. Qf5+ Kg7 46.
Qxd3 e2 47. Qc3+ 1-0

[Event "1st Metropolitan International"]
[Site "Los Angeles"]
[Date "2011.08.20"]
[Round "6"]
[White "Zepeda, Sonia"]
[Black "Viswanadha, Kesav"]
[Result "0-1"]
[WhiteElo "2068"]
[BlackElo "1919"]
[PlyCount "88"]
[EventDate "2011.08.17"]
[EventType "swiss"]
[EventRounds "9"]
[EventCountry "USA"]
[SourceDate "2011.08.22"]

1. e4 e5 2. Bc4 Nf6 3. Qe2 Nc6 4. Nf3 Bc5 5. d3 d6 6. c3 a6 7. Bb3 Ba7 8. Nbd2
O-O 9. Nf1 Be6 10. Bc2 h6 11. h3 d5 12. Ng3 dxe4 13. dxe4 b5 14. b3 b4 15. Bb2
bxc3 16. Bxc3 Nd4 17. Nxd4 Bxd4 18. Bxd4 Qxd4 19. O-O Rfd8 20. Rfd1 Qb6 21. Bd3
Rd6 22. Rac1 Rad8 23. Rc3 Nd7 24. Rdc1 Nf8 25. Qf3 Ng6 26. Bf1 Nf4 27. R1c2 Rd2
28. Rc6 Qb4 29. Rxc7 R2d3 30. Bxd3 Rxd3 31. Rc8+ Kh7 32. Qxd3 Nxd3 33. R8c3 Nf4
34. Kh2 h5 35. Re3 g6 36. Nf1 h4 37. Nd2 Kh6 38. Nf3 Qe7 39. Rec3 Qf6 40. Rc6
Nxh3 41. Rxa6 Qf4+ 42. Kh1 Qxe4 43. Rd2 Nf4 44. Kh2 Nxg2 0-1

[Event "1st Metropolitan International"]
[Site "Los Angeles"]
[Date "2011.08.20"]
[Round "7"]
[White "Abrahamyan, Tatev"]
[Black "Tatum, Kofi"]
[Result "0-1"]
[WhiteElo "2343"]
[BlackElo "1995"]
[PlyCount "88"]
[EventDate "2011.08.17"]
[EventType "swiss"]
[EventRounds "9"]
[EventCountry "USA"]
[SourceDate "2011.08.22"]

1. e4 c6 2. d4 d5 3. Nc3 dxe4 4. Nxe4 Bf5 5. Ng3 Bg6 6. h4 h6 7. Nf3 Nd7 8. h5
Bh7 9. Bd3 Bxd3 10. Qxd3 e6 11. Bd2 Ngf6 12. O-O-O Be7 13. Qe2 Qb6 14. Ne5 Rd8
15. Rhe1 O-O 16. Ng6 Rfe8 17. Nxe7+ Rxe7 18. c4 Ree8 19. Bc3 Qa6 20. Kb1 b5 21.
cxb5 cxb5 22. Bb4 Qc6 23. f3 Qd5 24. Ne4 Ra8 25. g4 a5 26. Bc5 b4 27. Rg1 Nxe4
28. fxe4 Qg5 29. Bd6 b3 30. a3 Rac8 31. Qd3 Rc6 32. e5 a4 33. Bb4 Qh4 34. Qb5
Rec8 35. Qxa4 Qh3 36. Qb5 Qf3 37. Bd2 Nb6 38. Bc1 Qe4+ 39. Ka1 Qc2 40. Qf1 Nd5
41. Re1 Nc3 42. Bf4 Ra8 43. Rg2 Rxa3+ 44. bxa3 b2# 0-1

[Event "1st Metropolitan International"]
[Site "Los Angeles"]
[Date "2011.08.20"]
[Round "7"]
[White "Akopyan, Harutyun"]
[Black "Liou, Yian"]
[Result "1-0"]
[WhiteElo "2213"]
[BlackElo "2299"]
[PlyCount "77"]
[EventDate "2011.08.17"]
[EventType "swiss"]
[EventRounds "9"]
[EventCountry "USA"]
[SourceDate "2011.08.22"]

1. e4 c5 2. Nf3 e6 3. b3 b6 4. Bb2 Bb7 5. Nc3 d6 6. g3 Nf6 7. Qe2 Be7 8. Bg2 a6
9. O-O O-O 10. d4 cxd4 11. Nxd4 Qc7 12. Rad1 Nc6 13. Kh1 Rac8 14. f4 b5 15. a3
Nxd4 16. Rxd4 Nd7 17. Qd2 Nc5 18. g4 Rfd8 19. b4 Nd7 20. Rd3 Nb6 21. Qf2 Nc4
22. Bc1 Qb6 23. Qg3 g6 24. f5 Ne5 25. f6 Bf8 26. Re3 Rc4 27. Qh4 Rdc8 28. Rh3
h5 29. Be3 Qxe3 30. Rxe3 Nxg4 31. Nd1 Nxe3 32. Nxe3 Rc3 33. Qg5 Rxa3 34. e5 d5
35. Nxd5 Kh7 36. Ne7 Bxg2+ 37. Qxg2 Rb8 38. Nxg6 fxg6 39. Rg1 1-0

[Event "1st Metropolitan International"]
[Site "Los Angeles"]
[Date "2011.08.20"]
[Round "7"]
[White "Amanov, Mesgen"]
[Black "Hungaski, Robert"]
[Result "1-0"]
[WhiteElo "2544"]
[BlackElo "2495"]
[PlyCount "59"]
[EventDate "2011.08.17"]
[EventType "swiss"]
[EventRounds "9"]
[EventCountry "USA"]
[SourceDate "2011.08.22"]

1. d4 Nf6 2. c4 g6 3. g3 d5 4. cxd5 Nxd5 5. Bg2 Bg7 6. Nf3 O-O 7. O-O Nb6 8.
Nc3 Nc6 9. e3 a5 10. Qe2 a4 11. Rd1 Bg4 12. h3 Bd7 13. e4 Qc8 14. Kh2 e5 15.
dxe5 Nxe5 16. Nxe5 Bxe5 17. Bh6 Re8 18. Rac1 Bc6 19. f4 Bh8 20. Qf2 Ra5 21. g4
Nd7 22. e5 Nxe5 23. fxe5 Bxe5+ 24. Bf4 Bxf4+ 25. Qxf4 Bxg2 26. Kxg2 g5 27. Qf3
Rae5 28. Nd5 Kg7 29. Qf6+ Kg8 30. Rxc7 1-0

[Event "1st Metropolitan International"]
[Site "Los Angeles"]
[Date "2011.08.20"]
[Round "7"]
[White "Amanov, Zhanibek"]
[Black "Bojkov, Dejan"]
[Result "0-1"]
[WhiteElo "2382"]
[BlackElo "2544"]
[PlyCount "74"]
[EventDate "2011.08.17"]
[EventType "swiss"]
[EventRounds "9"]
[EventCountry "USA"]
[SourceDate "2011.08.22"]

1. c4 g6 2. g3 Bg7 3. Bg2 Nf6 4. Nc3 O-O 5. e3 d6 6. Nge2 e5 7. O-O Nbd7 8. d4
Re8 9. b3 h5 10. h3 e4 11. Qc2 Qe7 12. g4 hxg4 13. hxg4 Nxg4 14. Qxe4 Qh4 15.
Qf4 Nf8 16. Qg3 Qd8 17. Bf3 Nf6 18. Kg2 N6h7 19. Rh1 Ng5 20. Bg4 c6 21. Bd2 d5
22. cxd5 cxd5 23. Bxc8 Rxc8 24. Rh4 Ne4 25. Nxe4 Rxe4 26. Rxe4 dxe4 27. Nc3 f5
28. Rh1 a6 29. Be1 Kf7 30. Na4 Ne6 31. d5 Nf8 32. Bb4 b5 33. Bxf8 Bxf8 34. Rh7+
Bg7 35. Qe5 Qg5+ 36. Kh2 Qh5+ 37. Kg2 Qf3+ 0-1

[Event "1st Metropolitan International"]
[Site "Los Angeles"]
[Date "2011.08.20"]
[Round "7"]
[White "Anderson, Michael"]
[Black "Zepeda, Sonia"]
[Result "0-1"]
[WhiteElo "1900"]
[BlackElo "2068"]
[PlyCount "52"]
[EventDate "2011.08.17"]
[EventType "swiss"]
[EventRounds "9"]
[EventCountry "USA"]
[SourceDate "2011.08.22"]

1. e4 c5 2. Nf3 Nc6 3. d3 d6 4. g3 g6 5. Bg2 Bg7 6. O-O e5 7. Nbd2 Nge7 8. Re1
O-O 9. Nf1 h6 10. Be3 Be6 11. Qd2 Kh7 12. c4 f5 13. h4 Qd7 14. Rac1 Rf7 15.
N3h2 Raf8 16. f4 b6 17. h5 gxh5 18. Bf3 h4 19. Bh5 hxg3 20. Nxg3 Rf6 21. exf5
Nxf5 22. Ne4 Nxe3 23. Nxf6+ Bxf6 24. Qxe3 Nd4 25. Nf3 exf4 26. Qxf4 Nxf3+ 0-1

[Event "1st Metropolitan International"]
[Site "Los Angeles"]
[Date "2011.08.20"]
[Round "7"]
[White "Bercys, Salvijus"]
[Black "Troff, Kayden"]
[Result "1/2-1/2"]
[WhiteElo "2487"]
[BlackElo "2282"]
[PlyCount "33"]
[EventDate "2011.08.17"]
[EventType "swiss"]
[EventRounds "9"]
[EventCountry "USA"]
[SourceDate "2011.08.22"]

1. d4 Nf6 2. c4 g6 3. Nc3 d5 4. Nf3 Bg7 5. e3 O-O 6. Qb3 c6 7. Bd2 dxc4 8. Bxc4
b5 9. Be2 a6 10. O-O Nbd7 11. a4 Rb8 12. Qc2 b4 13. Ne4 Nxe4 14. Qxe4 c5 15.
dxc5 Nxc5 16. Qc4 Qa5 17. Nd4 1/2-1/2

[Event "1st Metropolitan International"]
[Site "Los Angeles"]
[Date "2011.08.20"]
[Round "7"]
[White "Brown, Michael W."]
[Black "Kleinman, Michael"]
[Result "1/2-1/2"]
[WhiteElo "2121"]
[BlackElo "2221"]
[PlyCount "83"]
[EventDate "2011.08.17"]
[EventType "swiss"]
[EventRounds "9"]
[EventCountry "USA"]
[SourceDate "2011.08.22"]

1. d4 Nf6 2. c4 g6 3. Nc3 d5 4. Bf4 Bg7 5. e3 O-O 6. Rc1 c5 7. dxc5 Be6 8. Nf3
Na6 9. Ng5 Qa5 10. Be2 Rfd8 11. Nxe6 fxe6 12. Qa4 Qxc5 13. O-O Qb4 14. Qxb4
Nxb4 15. Nb5 Kf7 16. a3 Nc6 17. Rfd1 Rac8 18. Bf3 Rd7 19. cxd5 exd5 20. Nd4
Rdd8 21. Nxc6 Rxc6 22. Rxc6 bxc6 23. Rc1 Ne4 24. Rxc6 Bxb2 25. a4 Nf6 26. Rc7
a5 27. Rc5 Ra8 28. Bxd5+ Nxd5 29. Rxd5 Bc3 30. Kf1 Rc8 31. Ke2 Bb4 32. Kd1 Rc3
33. Be5 Ra3 34. Bb2 Rxa4 35. Kc2 Bd6 36. g3 Ke6 37. Rb5 Rc4+ 38. Kb3 Rb4+ 39.
Rxb4 Bxb4 40. e4 h5 41. h3 Be1 42. Bd4 1/2-1/2

[Event "1st Metropolitan International"]
[Site "Los Angeles"]
[Date "2011.08.20"]
[Round "7"]
[White "Chen, Howard Jed"]
[Black "Kurosaki, Takashi"]
[Result "0-1"]
[WhiteElo "2293"]
[BlackElo "2131"]
[PlyCount "86"]
[EventDate "2011.08.17"]
[EventType "swiss"]
[EventRounds "9"]
[EventCountry "USA"]
[SourceDate "2011.08.22"]

1. g3 c5 2. Bg2 g6 3. Nc3 Bg7 4. d3 Nc6 5. f4 d6 6. Nf3 e5 7. e4 Nge7 8. Be3
Nd4 9. Qd2 Bg4 10. O-O O-O 11. Rf2 exf4 12. Bxf4 Nxf3+ 13. Bxf3 Bxf3 14. Rxf3
d5 15. Re1 d4 16. Nd1 Qd7 17. Nf2 Nc6 18. Kg2 Rae8 19. Rf1 f6 20. Qd1 Rf7 21.
h4 Ref8 22. g4 Kh8 23. h5 gxh5 24. Rh3 hxg4 25. Rh5 f5 26. Rfh1 fxe4 27. Bg3
Be5 28. Nxe4 Bxg3 29. Kxg3 Qc7+ 30. Kg2 Qf4 31. Qe2 Rg7 32. Nxc5 Re7 33. Ne4
Rff7 34. R1h4 Rg7 35. Rh6 Ne5 36. Rh1 Ng6 37. Kg1 Qc1+ 38. Qf1 Qe3+ 39. Qf2 Nf4
40. Qxe3 dxe3 41. R1h4 e2 42. Kf2 g3+ 43. Ke1 Ng2+ 0-1

[Event "1st Metropolitan International"]
[Site "Los Angeles"]
[Date "2011.08.20"]
[Round "7"]
[White "Chua, Alexander"]
[Black "Altounian, Levon"]
[Result "1/2-1/2"]
[WhiteElo "2278"]
[BlackElo "2431"]
[PlyCount "44"]
[EventDate "2011.08.17"]
[EventType "swiss"]
[EventRounds "9"]
[EventCountry "USA"]
[SourceDate "2011.08.22"]

1. d4 Nf6 2. c4 c5 3. d5 g6 4. Nc3 Bg7 5. e4 d6 6. h3 O-O 7. Nf3 e6 8. Bd3 Na6
9. O-O Nc7 10. a4 e5 11. Re1 Nfe8 12. Bg5 f6 13. Bd2 a5 14. Bf1 f5 15. g3 b6
16. Bg2 Ra7 17. Bg5 Bf6 18. Bh6 Ng7 19. Qd2 Na6 20. Nb5 Re7 21. Ng5 Nb4 22. Ne6
Bxe6 1/2-1/2

[Event "1st Metropolitan International"]
[Site "Los Angeles"]
[Date "2011.08.20"]
[Round "7"]
[White "Duckworth, William"]
[Black "Wang, Richard"]
[Result "1/2-1/2"]
[WhiteElo "2352"]
[BlackElo "2240"]
[PlyCount "47"]
[EventDate "2011.08.17"]
[EventType "swiss"]
[EventRounds "9"]
[EventCountry "USA"]
[SourceDate "2011.08.22"]

1. d4 d5 2. Nc3 Nf6 3. Bg5 c5 4. Bxf6 gxf6 5. e3 Nc6 6. Qh5 e6 7. Nge2 f5 8.
O-O-O cxd4 9. Nxd4 Nxd4 10. exd4 Qf6 11. Kb1 Bd7 12. Nb5 Qd8 13. Nc3 Qf6 14.
Bb5 O-O-O 15. Bxd7+ Rxd7 16. Rd3 Kb8 17. Ne2 Bd6 18. Qf3 Rg8 19. h3 Qg5 20. g4
fxg4 21. hxg4 f6 22. Re3 Re7 23. a3 Rg6 24. Rg1 1/2-1/2